<?xml version="1.0" encoding="UTF-8"?>
<record
    xmlns:xsi="http://www.w3.org/2001/XMLSchema-instance"
    xsi:schemaLocation="http://www.loc.gov/MARC21/slim http://www.loc.gov/standards/marcxml/schema/MARC21slim.xsd"
    xmlns="http://www.loc.gov/MARC21/slim">

  <leader>00578nam a2200145   4500</leader>
  <controlfield tag="008">709.4 C957c</controlfield>
  <datafield tag="020" ind1=" " ind2=" ">
    <subfield code="a">9780982354421</subfield>
  </datafield>
  <datafield tag="082" ind1=" " ind2=" ">
    <subfield code="a">709.4</subfield>
    <subfield code="b">C957c</subfield>
  </datafield>
  <datafield tag="100" ind1=" " ind2=" ">
    <subfield code="a">Cruz-Diez, Carlos</subfield>
    <subfield code="9">6452</subfield>
  </datafield>
  <datafield tag="245" ind1=" " ind2=" ">
    <subfield code="a">Carlos Cruz-Diez in conversation with Ariel Jim&#xE9;nz</subfield>
  </datafield>
  <datafield tag="260" ind1=" " ind2=" ">
    <subfield code="a">Nueva York</subfield>
    <subfield code="b">Fundaci&#xF3;n Cisneros</subfield>
    <subfield code="c">2010</subfield>
  </datafield>
  <datafield tag="300" ind1=" " ind2=" ">
    <subfield code="a">248 p.</subfield>
    <subfield code="b">ill (col)</subfield>
    <subfield code="c">23.5 x 15.5 cm</subfield>
  </datafield>
  <datafield tag="505" ind1=" " ind2=" ">
    <subfield code="t">Introduction</subfield>
    <subfield code="t">Carlos Cruz-Diez in conversation with Ariel Jim&#xE9;nez</subfield>
    <subfield code="t">Image captions</subfield>
  </datafield>
  <datafield tag="650" ind1=" " ind2=" ">
    <subfield code="x">arte contempor&#xE1;neo</subfield>
    <subfield code="x">arte - entrevistas</subfield>
    <subfield code="x">entrevistas, Jim&#xE9;nez Ariel</subfield>
    <subfield code="x">entrevistas, Jim&#xE9;nez Ariel</subfield>
    <subfield code="x">Venezuela</subfield>
    <subfield code="9">6453</subfield>
  </datafield>
  <datafield tag="999" ind1=" " ind2=" ">
    <subfield code="c">1521</subfield>
    <subfield code="d">1521</subfield>
  </datafield>
  <datafield tag="952" ind1=" " ind2=" ">
    <subfield code="0">0</subfield>
    <subfield code="1">0</subfield>
    <subfield code="2">ddc</subfield>
    <subfield code="4">0</subfield>
    <subfield code="7">0</subfield>
    <subfield code="a">LV</subfield>
    <subfield code="b">LV</subfield>
    <subfield code="c">Monograf&#xED;as</subfield>
    <subfield code="d">2018-07-04</subfield>
    <subfield code="l">0</subfield>
    <subfield code="o">709.4 C957c</subfield>
    <subfield code="p">004611</subfield>
    <subfield code="r">2018-07-04 00:00:00</subfield>
    <subfield code="w">2018-07-04</subfield>
    <subfield code="y">01</subfield>
  </datafield>
</record>
